| 000 | 00830nam a2200253 a 4500 | ||
|---|---|---|---|
| 001 | 8536 | ||
| 003 | BD-RjUL | ||
| 005 | 20211208234615.0 | ||
| 008 | 760610s1928 xx a 001 0 eng | ||
| 035 | _a(BD-RjUL)8581 | ||
| 040 |
_aDLC _cUU _dOCoLC _dDLC _dBD-RjUL _beng |
||
| 041 | _aeng | ||
| 082 |
_223 _a297.09 _bCAE 1928 |
||
| 100 | 1 |
_aCash, W. Wilson _q(William Wilson), _d1880- _9221754 |
|
| 245 | 1 | 4 |
_aThe expansion of Islam; _ban Arab religion in the non-Arab world, _cby W. Wilson Cash ; with preface by D. S. Margoliouth |
| 260 |
_aLondon, _bEdinburgh House Press, _c1928. |
||
| 300 |
_axvi, 304p. : _bill. ; _c20 cm. |
||
| 500 | _aIncludes index. | ||
| 504 | _aBibliography: p. 297-300. | ||
| 650 | 0 |
_aIslam. _vHistory _9221755 |
|
| 700 |
_aMargoliouth, D. S. , prefacer _9221762 |
||
| 942 |
_2ddc _cRAR |
||
| 999 |
_c8536 _d8536 |
||